Loading...
| Fine Arts - Classical Music | 5 | 22.00 | 4,900% | 360% | 540% |
| Fine Arts - Other | 6 | 11.67 | 4,583% | 217% | 0% |
| Fine Arts - Painting & Sculpture | 3 | 13.33 | 3,233% | 300% | 300% |
| History - American | 4 | 17.50 | 2,925% | 800% | 225% |
| History - European | 5 | 16.00 | 2,560% | 860% | 180% |
| History - Other | 2 | 25.00 | 7,250% | 400% | 850% |
| History - World | 7 | 17.14 | 2,814% | 500% | 357% |
| Literature - American | 6 | 15.00 | 4,033% | 200% | 433% |
| Literature - British | 7 | 10.00 | 2,314% | 300% | 171% |
| Literature - European | 5 | 12.00 | 4,180% | 340% | 160% |
| Literature - World | 10 | 14.00 | 2,610% | 240% | 480% |
| Mythology | 6 | 18.33 | 4,550% | 200% | 633% |
| Other | 8 | 17.50 | 3,625% | 475% | 475% |
| Philosophy | 2 | 15.00 | 7,250% | 400% | 0% |
| Religion | 6 | 16.67 | 2,417% | 567% | 583% |
| Science - Biology | 5 | 18.00 | 4,180% | 340% | 700% |
| Science - Chemistry | 6 | 16.67 | 3,767% | 500% | 350% |
| Science - Other | 5 | 14.00 | 3,240% | 80% | 700% |
| Science - Physics | 7 | 14.29 | 3,457% | 243% | 486% |
| Social Science | 7 | 17.14 | 4,371% | 657% | 114% |